000 00487nam a2200157 a 4500
001 4132
005 20180713184025.0
008 140415s1980 000 0 spa d
041 _aspa
082 _a378.194
_bLIN
100 1 _aLINDGREN, HENRY CIAY
245 1 4 _aTHE PSYCHOLOGY OF COLLEGE SUCCESS :
_bA DYNAMIC APPROACH
260 _a[s.l.] :
_bROBERT E. KRIEGER PUBLISHING COMPANY,
_c1980
300 _a141
650 1 4 _aORIENTACION ESTUDIANTIL
_xORIENTACION PROFESIONAL
999 _c4132
_d4132